It's up for promotion (Record no. 78637)
[ view plain ]
| 000 -LEADER | |
|---|---|
| fixed length control field | 00965cab a22002295a 4500 |
| 001 - CONTROL NUMBER | |
| control field | L137495 |
| 008 - FIXED-LENGTH DATA ELEMENTS--GENERAL INFORMATION | |
| fixed length control field | 070411e20070331xxk f 000 0 eng d |
| 035 ## - SYSTEM CONTROL NUMBER | |
| System control number | (Sirsi) u137495 |
| 041 0# - LANGUAGE CODE | |
| Language code of text/sound track or separate title | eng |
| 100 1# - MAIN ENTRY--PERSONAL NAME | |
| Personal name | Le Pard, Geoff |
| 245 00 - TITLE STATEMENT | |
| Title | It's up for promotion |
| 260 ## - PUBLICATION, DISTRIBUTION, ETC. | |
| Date of publication, distribution, etc. | 2007 |
| 490 #0 - SERIES STATEMENT | |
| Series statement | Estates Gazette |
| Volume/sequential designation | (0713) 31 March 2007, 246-248(3) |
| 520 ## - SUMMARY, ETC. | |
| Summary, etc. | Discusses the aims and contents of the Code for Leasing Business Premises in England and Wales 2007 and the ways in which it will be disseminated. Key points in the code cover pricing options and rent reviews, restrictions on assignment, subletting, exercise of break clauses, rent suspension, insurance, repairs and dilapidations. |
| 590 ## - LOCAL NOTE (RLIN) | |
| Local note | KA |
| 590 ## - LOCAL NOTE (RLIN) | |
| Local note | KA |
| 650 24 - SUBJECT ADDED ENTRY--TOPICAL TERM | |
| Topical term or geographic name entry element | CODE FOR LEASING BUSINESS PREMISES IN ENGLAND AND WALES |
| 651 #4 - SUBJECT ADDED ENTRY--GEOGRAPHIC NAME | |
| Geographic name | England and Wales |
| Chronological subdivision | 1543- |
| 690 ## - LOCAL SUBJECT ADDED ENTRY--TOPICAL TERM (OCLC, RLIN) | |
| Topical term or geographic name as entry element | PROPERTY-COMMERCIAL PROPERTY-COMMERCIAL TENANT-COMMERCIAL LEASES |
| 700 1# - ADDED ENTRY--PERSONAL NAME | |
| Personal name | Maunder, Clare |
| 942 ## - ADDED ENTRY ELEMENTS (KOHA) | |
| Suppress in OPAC | 0 |
| Withdrawn status | Lost status | Source of classification or shelving scheme | Damaged status | Not for loan | Home library | Current library | Shelving location | Date acquired | Total Checkouts | Full call number | Barcode | Date last seen | Copy number | Price effective from | Koha item type |
|---|---|---|---|---|---|---|---|---|---|---|---|---|---|---|---|
| Dewey Decimal Classification | London | London | Journal article | 11/04/2007 | L137495 | 137495-1001 | 06/08/2019 | 1 | 06/08/2019 | Journal article |